|
|
|
|
| LEADER |
01858nam a2200277 u 4500 |
| 001 |
10113878 |
| 003 |
upatras |
| 005 |
20210117205132.0 |
| 008 |
140908s2011 gr gre |
| 040 |
|
|
|a GR-PaULI
|c GR-PaULI
|
| 041 |
0 |
|
|a gre
|
| 082 |
1 |
4 |
|a 660.6
|2 23
|
| 100 |
1 |
|
|a Γιασεμής, Ηλίας Φ.
|4 aut
|9 140423
|
| 245 |
1 |
0 |
|a Μελέτη γνώσεων και στάσεων μαθητών λυκείου έναντι θεμάτων βιοτεχνολογίας και γενετικής
|c Ηλίας Φ. Γιασεμής; Πανεπιστήμιο Πατρών, Σχολή Ανθρωπιστικών και Κοινωνικών Επιστημών, Τμήμα Επιστημών της Εκπαίδευσης και της Αγωγής στην Προσχολική Ηλικία
|
| 300 |
|
|
|a 311 σ.
|c 30 εκ.
|
| 504 |
|
|
|a Περιλαμβάνει βιβλιογραφία
|
| 650 |
|
4 |
|a Βιοτεχνολογία
|x Κοινή γνώμη
|9 140424
|
| 650 |
|
4 |
|a Γενετική μηχανική
|x Ηθικές απόψεις
|9 140425
|
| 700 |
1 |
|
|a Ζόγκζα, Βασιλική
|4 oth
|9 82647
|
| 710 |
2 |
|
|9 2771
|a Πανεπιστήμιο Πατρών
|b Σχολή Επιστημών Υγείας
|b Τμήμα Ιατρικής
|e Σχολή Ανθρωπιστικών και Κοινωνικών Επιστημών
|e Τμήμα Επιστημών της Εκπαίδευσης και της Αγωγής στην Προσχολική Ηλικία
|
| 852 |
|
|
|a GR-PaULI
|b ΠΑΤΡΑ
|b ΒΚΠ
|b ΑΝΕ
|k ΔΙΑΤΡΙΒΗ
|h 660.6 ΓΙΑ
|m 109458
|p 025000206419
|t 1
|
| 856 |
|
|
|b http://hdl.handle.net/10889/5205
|
| 942 |
|
|
|2 ddc
|c BKTD
|
| 952 |
|
|
|0 0
|1 0
|4 0
|6 660_600000000000000_ΓΙΑ
|7 0
|9 169751
|a LISP
|b LISP
|c RES
|d 2016-04-24
|i 109458
|l 0
|o 660.6 ΓΙΑ
|p 025000206419
|r 2016-04-24 00:00:00
|t 1
|w 2016-04-24
|y BKTD
|
| 998 |
|
|
|c ΓΚΟΓΚΟΥ
|d 2014-09
|
| 999 |
|
|
|c 106214
|d 106214
|